Independent panel endorses Mayor's housing and waste targets (Record no. 77762)
[ view plain ]
| 000 -LEADER | |
|---|---|
| fixed length control field | 01057cab a2200217 4500 |
| 001 - CONTROL NUMBER | |
| control field | ##E135038 |
| 008 - FIXED-LENGTH DATA ELEMENTS--GENERAL INFORMATION | |
| fixed length control field | 060616n2006 000 0 eng u |
| 035 ## - SYSTEM CONTROL NUMBER | |
| System control number | (Sirsi) u135038 |
| 041 0# - LANGUAGE CODE | |
| Language code of text/sound track or separate title | eng |
| 110 1# - MAIN ENTRY--CORPORATE NAME | |
| Corporate name or jurisdiction name as entry element | London |
| Subordinate unit | Greater London Authority |
| 9 (RLIN) | 3989 |
| 245 00 - TITLE STATEMENT | |
| Title | Independent panel endorses Mayor's housing and waste targets |
| 260 ## - PUBLICATION, DISTRIBUTION, ETC. | |
| Date of publication, distribution, etc. | 2006 |
| 490 #0 - SERIES STATEMENT | |
| Series statement | GLA Press Release |
| Volume/sequential designation | (462) 19 September 2006 |
| 520 ## - SUMMARY, ETC. | |
| Summary, etc. | The Mayor of London welcomed the solid backing of an independent panel for his proposals to increase London's annual housing provision target from 23 000 to 30 650 new homes and for his radical and forward thinking strategy on waste management, that will see London manage 85% of its waste by 2020. |
| 590 ## - LOCAL NOTE (RLIN) | |
| Local note | IKA031006 |
| 651 #4 - SUBJECT ADDED ENTRY--GEOGRAPHIC NAME | |
| Geographic name | LONDON |
| 690 ## - LOCAL SUBJECT ADDED ENTRY--TOPICAL TERM (OCLC, RLIN) | |
| Topical term or geographic name as entry element | ENVIRONMENTAL AND LAND CONSULTANCY-WASTE MANAGEMENT |
| 690 ## - LOCAL SUBJECT ADDED ENTRY--TOPICAL TERM (OCLC, RLIN) | |
| Topical term or geographic name as entry element | PROPERTY-RESIDENTIAL PROPERTY-RESIDENTIAL PROPERTY DEVELOPMENT |
| 856 40 - ELECTRONIC LOCATION AND ACCESS | |
| Uniform Resource Identifier | <a href="https://www.london.gov.uk/view_press_release.jsp?releaseid=9208">https://www.london.gov.uk/view_press_release.jsp?releaseid=9208</a> |
| Public note | View the item free of charge at www.london.gov.uk... |
| 942 ## - ADDED ENTRY ELEMENTS (KOHA) | |
| Suppress in OPAC | 0 |
| Withdrawn status | Lost status | Source of classification or shelving scheme | Damaged status | Not for loan | Home library | Current library | Shelving location | Date acquired | Total Checkouts | Full call number | Barcode | Date last seen | Copy number | Price effective from | Koha item type |
|---|---|---|---|---|---|---|---|---|---|---|---|---|---|---|---|
| Dewey Decimal Classification | Virtual | Virtual | Online | 20/09/2006 | ONLINE PUBLICATION | 135038-2001 | 06/08/2019 | 1 | 06/08/2019 | Journal article |